Quizzes
Events
Quiz Creation
Community
Videos
Private Events
Remove Ads
Sign In
Join for FREE
Feedback
Dark Mode
Quiz Categories
Sports
Geography
Music
Movies
Television
Just For Fun
Miscellaneous
History
Literature
Language
Science
Gaming
Entertainment
Religion
Holiday
For Kids
Quiz Lab
Recent
Popular Today
Quiz Kudos Today
Editor Picks
Curator Picks
Quizzes by...
Day
Popularity
Type
Ratings
Length
Year
Community
Subscriptions
Recent Discussions
Orange Saloon
Badges
Playlists
Quests
Create
Leaderboards
Showdown
Live 5
Trivia Bingo
Activity
Puzzle Library
Sporcle Events
Private Events
Virtual Trivia
Globe League
Become a Host
Pub Owners
SporcleCon
Opinionation
Our Games
Videos
Blog
Mobile Apps
Partnerships
Remove Ads and Go Orange
Feedback
Gaming
Video Games
Board Games
Card Games
Pokémon
Mario
Nintendo
Minecraft
Console
Toys
Legend of Zelda
Gaming
Video Games
Board Games
Card Games
Pokémon
Mario
Nintendo
Minecraft
Console
Toys
Legend of Zelda
Random Quiz
Search Sporcle
×
Quiz Lab
Quiz Lab
Gaming
Call of Duty
Type in answers that appear in a list
Type in answers that appear in a list
Classic
Best Score? Go Orange.
CoD Game Order Stats
Can you name the CoD Games in the order of release?
By
FG_ChainProdigy
10m
14 Questions
125 Plays
125 Plays
125 Plays
Comments
Comments
Give Quiz Kudos
Give Quiz Kudos
-
- Ratings
hide this ad
No Skip
Answers have to be entered in order without skipping
Answers have to be entered in order without skipping
Replay
Link that replays current quiz
Next Quiz
Link to next quiz in quiz playlist
You Got
0%
They Got
Avg Score
31%
Avg Friend Score
Upgrade to see
Score Distribution
Jump to the score distribution portion of the page
Score
0/14
Timer
10:00
0
Plays Today
Developers
Games
% Correct
?
???
100%
?
???
62.4%
?
???
60%
?
???
36.8%
?
???
35.2%
?
???
21.6%
?
???
19.2%
Developers
Games
% Correct
?
???
19.2%
?
???
18.4%
?
???
17.6%
?
???
17.6%
?
???
17.6%
?
???
11.2%
?
???
9.6%
Quiz Playlist
Details
Report
Send in Message
Add To Playlist
Classic:
Type in answers that appear in a list
No Skip:
Answers have to be entered in order without skipping
Last Updated: Feb 16, 2017
Quiz Scoreboard
CHALLENGE
Sign Up to Join the Scoreboard
Show All
Scores
Hide
Comments
May contain spoilers
Recently Published
Popular People in 1961
by mucciniale
History
6m
1-10 Letter E Words III
by El_Dandy
Language
2m
One Thing in Common: World Cities II
by knightlancer
Geography
7m
More to Explore
Quiz From the Vault
Featured Blog Post
Where Did the Easter Bunny Come From?
hide this ad
You Might Also Like...
Tags
Call of Duty
Today's Top Quizzes in Gaming
Browse Gaming
hide this ad
Today's Top Quizzes in Call of Duty
Browse Call of Duty
Top Contributed Quizzes in Gaming
1
Destiny 2 exotic weapons by perk icons
2
Genshin Impact Logic Puzzle Quiz II
3
Who's on the WWE 2K24 Cover?
4
Overwatch Hero Logic II
5
DOOM: Eternal 10-1
6
Overwatch Logic Puzzle
7
Windmill: Pokémon
8
Genshin Impact Logic Puzzle
9
Overwatch 2: Ultimate Ability Icons
10
Overwatch 2 Heroes by Selection Quote
Explore More
Trending Topics
Crossword
Harry Potter
Kpop
Marvel
Disney
Anime
NBA
NFL
WWE
Song
The Office
Pokémon
Country
Soccer
Puzzle
hide this ad
More By:
FG_ChainProdigy
Quiz
Plays
Rating
Category
Featured
Created
CoD Game Order
125
1.00
Gaming
Dec 8, 2013
Go to Creator's Profile
Score Distribution
Quiz Creator Spotlight
FG_ChainProdigy
Follow
Send a Message
Quizzes Created
-
Created Quiz Play Count
-
More By This Creator
Popular Quizzes Today
1
Find the US States - No Outlines Minefield
2
Popular People in 1961
3
The Countries of the World
4
1-10 Letter E Words III
5
Find the US States
6
Find the Countries of Europe - No Outlines Minefield
7
US States
8
One Thing in Common: World Cities II
More Gaming Quizzes
Overwatch 2: Heroes with 'Y'
Quiz Lab
Trending Quizzes
1-10 Letter F Words
Get the Picture: Chris Cornell Bands
1-10 Letter G Words
Risky Map Clicking: States by Unique Starting Letters
1-10 Letter F Words II
Recently Updated
Reality TV Shows (A-Z)
bhenderson79
Rickey Henderson's Hall of Fame Teammates
pecheneg
Champions League XIs: Arsenal
pecheneg
Quick Pick: Celebrities in WWE's Hall of Fame
aduchscher
A-Z Keypad Blitz II
pecheneg
Multiple Oscar Actors
pecheneg
Mystery Phrase Blitz: Oscar 'Best Actors'
pecheneg
F. Scott Fitzgerald Novels
LTH
Pick 3 Villains
ddd62291
This, But Not That XII
gazzso
Trending Topics
Disney
Harry Potter
Marvel
Kpop
Crossword
NBA
Anime
Pokémon
WWE
The Office
Country
Puzzle
NFL
Soccer
Song
Your Account Isn't Verified!
In order to create a playlist on Sporcle, you need to verify the email address you used during registration. Go to your
Sporcle Settings
to finish the process.
Report this User
Report this user for behavior that violates our
Community Guidelines
.
Details:
Send Report
Go to the Sporcle.com Mobile Site →
Comments